Work measurement / (Record no. 2540)

000 -LEADER
fixed length control field 00405nam a2200157 4500
008 - FIXED-LENGTH DATA ELEMENTS--GENERAL INFORMATION
fixed length control field 200309b ||||| |||| 00| 0 eng d
020 ## - INTERNATIONAL STANDARD BOOK NUMBER
International Standard Book Number 0273316680
082 00 - DEWEY DECIMAL CLASSIFICATION NUMBER
Classification number 658.5421
Item number D141
100 ## - MAIN ENTRY--PERSONAL NAME
9 (RLIN) 2131
Personal name Dales, Harold E.
245 10 - TITLE STATEMENT
Title Work measurement /
250 ## - EDITION STATEMENT
Edition statement 1st ed.
260 ## - PUBLICATION, DISTRIBUTION, ETC. (IMPRINT)
Place of publication, distribution, etc London
Name of publisher, distributor, etc Pitman
Date of publication, distribution, etc 1972
300 ## - PHYSICAL DESCRIPTION
Extent xii, 353 p.
650 #0 - SUBJECT ADDED ENTRY--TOPICAL TERM
Topical term or geographic name as entry element Work measurement
942 ## - ADDED ENTRY ELEMENTS (KOHA)
Source of classification or shelving scheme
Item type Books
Holdings
Withdrawn status Lost status Source of classification or shelving scheme Damaged status Not for loan Permanent location Current location Date acquired Full call number Barcode Date last seen Koha item type
          IMU Kolkata IMU Kolkata 2020-03-09 658.5421 D141 04804 2020-03-09 Books
Designed and Maintained by IMU-KC Library, Kolkata Campus © Copyright All Rights Reserved

webs counters

Powered by Koha